000 00628nam a2200205Ia 4500
003 GCL
008 140319s9999 xx 000 0 ara d
040 _aGCL /
_cGCL
082 0 4 _a810.9
_bا ع
100 1 _aاحمد حسين الطماوى
245 1 0 _aعلى ادهم بين الادب والتاريخ /
_cاحمد حسين الطماوى
260 _a[S.N] :
_bالهيئة المصرية العامة للكتاب ،
_c1990
300 _a129 ص
490 _a
650 0 4 _aالادب
650 0 4 _aالتراجم الادبية
650 0 4 _aالادباء
650 0 4 _aتاريخ ونقد
942 _2ddc
_cBK
999 _c28993
_d28993